header

Public school segregation by state, May 1954 (Record no. 18014)

MARC details
000 -LEADER
fixed length control field 01093nem a2200301 4500
245 00 - TITLE STATEMENT
Title Public school segregation by state, May 1954
260 ## - PUBLICATION, DISTRIBUTION, ETC. (IMPRINT)
Place of publication [S.l.] :
Name of publisher Maps.com,
Year of publication c1999.
300 ## - PHYSICAL DESCRIPTION
Number of Pages 1 online resource (1 map)
650 #0 - SUBJECT ADDED ENTRY--TOPICAL TERM
Topical Term Segregation in education
856 40 - ELECTRONIC LOCATION AND ACCESS
Uniform Resource Identifier http://site.ebrary.com/lib/rucke/Doc?id=10002729

No items available.

© 2026 Rongo University
Contact us: librarian | system librarian | Rongo university